| 000 | 01171cam a2200373 a 4500 | ||
|---|---|---|---|
| 001 | 4868373 | ||
| 003 | OSt | ||
| 005 | 20140310184346.0 | ||
| 008 | 920407s1992 azua j 000 1 eng | ||
| 010 | _a 92014232 | ||
| 020 | _a0590481703 | ||
| 040 |
_aDLC _cDLC _dDLC _dWaU |
||
| 042 | _alcac | ||
| 050 | 0 | 0 |
_aPZ 7 _b.L9648Th 1994 |
| 100 | 1 |
_aLowell, Susan, _d1950- _924825 |
|
| 245 | 1 | 4 |
_aThe three little javelinas / _cby Susan Lowell ; illustrated by Jim Harris. |
| 250 | _a1st ed. | ||
| 260 |
_aFlagstaff, Ariz. : _bNorthland Pub., _c1994 |
||
| 300 |
_a1 v. (unpaged) : _bcol. ill. ; _c23 x 27 cm. |
||
| 521 | _aG5 | ||
| 526 | _c740 | ||
| 562 | _e1 | ||
| 650 | 1 |
_aPigs _vFiction. _924826 |
|
| 650 | 1 |
_aCoyote _vFiction. _924827 |
|
| 651 | 1 |
_aSouthwest, New _vFiction. _924828 |
|
| 700 | 1 |
_aHarris, Jim, _d1955- _eill. _924829 |
|
| 740 | 0 | _a3 little javelinas. | |
| 906 |
_a7 _bcbc _corignew _d1 _eocip _f19 _gy-gencatlg |
||
| 942 |
_2lcc _cBK-SCHOLAS |
||
| 999 |
_c33878 _d33878 |
||